Quiz wiedzy ogólnej - średnio trudny - Statystyki

Ogólne statystyki
  • Ten quiz został rozwiązany 54 razy
  • Średni wynik to 10 z 22
Statystyki odpowiedzi
Pytanie Odpowiedź % Poprawnych
Do jakiej partii politycznej należał prezydent RP, który zginął wkatastrofie lotniczej w 2010 r.? PiS/Prawo i Sprawiedliwość
98%
log1000 wynosi.. 3
83%
Jak nazywa się Święta Księga Islamu? Koran
83%
Która kość w ciele człowieka jest najdłuższa? Udowa
74%
W ilu procentach (około) ludzki mózg składa się z wody? 80
69%
Który kandydat na prezydenta RP uzyskał w I turzewyborów prezydenckich w 2025r. 3. miejsce? (imię i nazwisko) Sławomir Mentzen
69%
Jak nazywał się przywódca państwa w starożytnym Egipcie? Faraon
64%
W logo której marki samochodów znajdują się trzy czerwone romby ułożone w trójramienny "wiatrak"? Mitsubishi
64%
Który aktor zagrał główną rolę w serialu "Miodowe lata"? Cezary Żak
60%
Podaj nazwy pedałów w samochodzie od lewej strony Sprzęgło, hamulec, gaz
57%
Jaki rodzaj paliwa oznaczamy symbolem ON? Diesel/ropa
55%
W jakim angielskim klubie grał w latach 2001-2007r. Jerzy Dudek? Liverpool
45%
Ile powstało odcinków oryginalnego serialu "Jaś Fasola"? 15
43%
Jaki tytuł nosi trzeci film z serii "Szybcy i wściekli"? Szybcy i wściekli: Tokio Drift/ Tokio Drift
43%
Podaj rozwinięcie liczby pi do czterech miejsc po przecinku. 3,1415
33%
W jakim kraju krowy uznaje się jako święte zwierzęta? W Indiach
29%
Jaki hormon nazywany jest hormonem szczęścia? Serotonina
19%
Fragment Ewangelii którego świętego czytamy w Wigilię? św. Łukasza
19%
Jaki lek należy podać osobie z hipoglikemią? Glukagon
10%
Jak nazywał się sojusz zawarty między ZSRR a III Rzesząw 1939 r. Ribentropp - Mołotow
7%
W którym roku po raz pierwszy wynik finału żeńskiego Wimbledonu wynosił 6-0, 6-0? 1911r.
5%
Rozwiń skrót NSZZ "Solidarność"? Niezależne Samorządowe Związki Zawodowe "Solidarność"
5%
Nie znaleziono quizów pasujących do podanych kryteriów
Rozkład punktacji
Procent ludzi z każdym wynikiem
Percentyl według liczby udzielonych odpowiedzi
Twoja historia wyników
Nie rozwiązałeś tego quizu